[Event "FIDE World Rapid Team"]
[Site "London ENG"]
[Date "2025.06.11"]
[Round "4.4"]
[White "Patel, Zain"]
[Black "Loftgaard, Mikkel Vinh"]
[Result "1/2-1/2"]
[BlackTitle "FM"]
[WhiteElo "2045"]
[BlackElo "2243"]
[WhiteTeam "The London Legends"]
[BlackTeam "¡Ållez-Y Initiative!"]
[WhiteFideId "469246"]
[BlackFideId "1468480"]
[EventDate "2025.06.11"]
[EventType "team"]

1. Nf3 e6 2. d4 Nf6 3. c4 b6 4. g3 Bb7 5. Bg2 Be7 6. O-O O-O 7. Nc3 Ne4 8. Qc2
d5 9. Rd1 Nd7 10. Bf4 a6 11. Rac1 Rc8 12. cxd5 exd5 13. Nxe4 dxe4 14. Ne5 Nf6
15. Nc6 Bxc6 16. Qxc6 Bd6 17. Be5 e3 18. fxe3 Qe7 19. Qc3 Bxe5 20. dxe5 Ng4 21.
Bh3 Qg5 22. Bxg4 Qxg4 23. Qc4 Qg5 24. Qf4 Qe7 25. Rd4 Rfe8 26. Rc6 h6 27. e6
fxe6 28. Qe5 Qf7 29. Rdc4 Qf5 30. Qxf5 exf5 31. Kf2 Red8 32. Ke1 Re8 33. Rxc7
Rxc7 34. Rxc7 Re6 35. Kd2 Kh7 36. Rc4 Kg6 37. Kd3 Kg5 38. e4 f4 39. gxf4+ Kxf4
40. Rd4 g5 41. Rd8 h5 42. Rf8+ Kg4 43. Rf3 Rd6+ 44. Ke3 Kh4 45. e5 Re6 46. Ke4
g4 47. Rd3 Kg5 48. Kd5 Re8 49. e6 Kf6 50. Re3 h4 51. e7 g3 52. hxg3 hxg3 53.
Rxg3 Rxe7 54. Rf3+ Kg5 55. e4 Rd7+ 56. Kc4 b5+ 57. Kc3 Kg4 58. Rf6 Rc7+ 59. Kb3
a5 60. Rf5 Rb7 61. Rc5 Kf4 62. e5 Kf5 63. Kc3 Rb6 64. Kd4 Ke6 65. Rc1 b4 66. Rh1
Rb8 67. Ke4 b3 68. Rh6+ Ke7 69. a3 Rc8 70. Rb6 a4 71. Kd5 Rd8+ 72. Rd6 Ra8 73.
Rh6 Rd8+ 74. Rd6 Ra8 75. Rc6 Rd8+ 76. Rd6 Ra8 77. Re6+ Kf7 78. Rb6 Rd8+ 79. Rd6
Ra8 80. e6+ Kf6 81. Kc5 Rc8+ 82. Rc6 Rxc6+ 83. Kxc6 Kxe6 84. Kc5 Ke5 85. Kb4 Kd4
86. Kxa4 Kc4 87. Ka5 Kd3 88. a4 Kc2 89. Kb6 Kxb2 90. a5 Kc3 91. a6 b2 92. a7
b1=Q+ 93. Kc7 Qh7+ 94. Kb8 Qg8+ 95. Kb7 Qf7+ 96. Kb8 Qe8+ 97. Kb7 Qd7+ 98. Kb8
Qd6+ 99. Kb7 Kb4 100. a8=Q Kb5 101. Qe8+ Kc5 1/2-1/2

[Event "FIDE World Rapid Team"]
[Site "London ENG"]
[Date "2025.06.11"]
[Round "4.5"]
[White "Jalving, August"]
[Black "Mokhber-Garcia, Sebastian"]
[Result "1-0"]
[WhiteTitle "CM"]
[WhiteElo "2306"]
[BlackElo "1853"]
[WhiteTeam "¡Ållez-Y Initiative!"]
[BlackTeam "The London Legends"]
[WhiteFideId "1471759"]
[BlackFideId "499269"]
[EventDate "2025.06.11"]
[EventType "team"]

1. e4 e5 2. Nf3 Nc6 3. Bb5 Nf6 4. O-O Nxe4 5. Re1 Nd6 6. a4 Be7 7. Nc3 O-O 8. d4
exd4 9. Nd5 Bf6 10. Bf4 a5 11. Qd2 Nb4 12. Nxf6+ Qxf6 13. Bg5 Qg6 14. Be7 Nxb5
15. Bxf8 Kxf8 16. axb5 Qd6 17. Qg5 Qf6 18. Qxf6 gxf6 19. Nxd4 c5 20. bxc6 dxc6
21. Re2 c5 22. c3 Nd3 23. Nb5 Nf4 24. Rd2 Bf5 25. Nd6 Be6 26. Nxb7 Ke7 27. Nxc5
Nd5 28. Nxe6 fxe6 29. h3 Nb6 30. Rd4 a4 31. Rh4 Rh8 32. Rb4 Nd5 33. Rbxa4 Rb8
34. R1a2 Kd6 35. Rh4 Rb7 36. c4 Nb4 37. Ra1 e5 38. Rh6 Ke6 39. Ra3 Rc7 40. Rf3
Rf7 41. g4 e4 42. Rf4 Ke5 43. Rf5+ Ke6 44. Rfh5 Rd7 45. g5 Rd1+ 46. Kg2 Nd3 47.
Rxf6+ Ke5 48. Rxh7 Ne1+ 49. Kg3 Rd3+ 50. Kg4 Rd8 51. Rf5+ Ke6 52. Rh6+ Ke7 53.
Re5+ Kf7 54. Rxe4 Nd3 55. Rf6+ Kg8 56. Kh5 Rd7 57. Re8+ Kg7 58. Rg6+ Kf7 59. Re4
Rd8 60. Rf6+ Kg8 61. Rfe6 Rd7 62. g6 Kf8 63. Re8+ Kg7 64. R4e7+ Rxe7 65. Rxe7+
Kf6 66. Rf7+ Ke6 67. Kh6 Ne5 68. Rf4 Nd3 69. Re4+ Kf5 70. g7 Kxe4 71. g8=Q Nf4
72. Qg4 Ke5 73. Qxf4+ Kxf4 74. b4 Ke4 1-0

[Event "FIDE World Rapid Team"]
[Site "London ENG"]
[Date "2025.06.11"]
[Round "4.6"]
[White "Kodukula, Sameera"]
[Black "McCallum, Elliot"]
[Result "0-1"]
[WhiteElo "1647"]
[BlackElo "1924"]
[WhiteTeam "The London Legends"]
[BlackTeam "¡Ållez-Y Initiative!"]
[WhiteFideId "343413994"]
[BlackFideId "2645718"]
[EventDate "2025.06.11"]
[EventType "team"]

1. Nf3 d5 2. d4 Nf6 3. Bf4 c5 4. e3 Nc6 5. c3 Qb6 6. Qb3 c4 7. Qxb6 axb6 8. Na3
Ra5 9. Ne5 Nxe5 10. Bxe5 Bf5 11. Bc7 Nd7 12. Kd2 e6 13. Nc2 Be7 14. a3 O-O 15.
Be2 Rc8 16. Bf4 Nf6 17. Bf3 Ne4+ 18. Bxe4 Bxe4 19. f3 Bd3 20. Ne1 Bg6 21. Nc2
Rb5 22. Nb4 Ra8 23. Rhe1 Rd8 24. e4 dxe4 25. fxe4 e5 26. Nd5 Bh4 27. Bg3 Bxg3
28. hxg3 Rxb2+ 29. Ke3 exd4+ 30. cxd4 Rxg2 31. Kf3 Rd2 32. Ke3 Rd3+ 33. Kf4 Rxd4
34. Nxb6 f5 35. Nd5 R8xd5 36. Rab1 fxe4 37. Rxb7 Rf5+ 38. Ke3 Rd3+ 39. Ke2 Bh5+ 0-1

[Event "FIDE World Rapid Team"]
[Site "London ENG"]
[Date "2025.06.11"]
[Round "4.1"]
[White "Gallana, Marco"]
[Black "Badacsonyi, Stanley"]
[Result "1/2-1/2"]
[BlackTitle "FM"]
[WhiteElo "2215"]
[BlackElo "2300"]
[WhiteTeam "Hammersmith Chess Club"]
[BlackTeam "English Knightmares"]
[WhiteFideId "824542"]
[BlackFideId "486973"]
[EventDate "2025.06.11"]
[EventType "team"]

1. Nf3 Nf6 2. c4 g6 3. Nc3 Bg7 4. e4 d6 5. d4 O-O 6. Be2 e5 7. dxe5 dxe5 8. Qxd8
Rxd8 9. Bg5 Re8 10. Nd5 Nxd5 11. cxd5 c6 12. Bc4 cxd5 13. Bxd5 Nc6 14. O-O-O Bg4
15. Be3 Rac8 16. Kb1 b6 17. h3 Bxf3 18. gxf3 Bf6 19. a3 Rc7 20. Rd3 Rec8 21. Rc1
Nd8 22. Rxc7 Rxc7 23. b4 g5 24. Kb2 Kg7 25. a4 Be7 26. Kb3 Ne6 27. Rc3 Rxc3+ 28.
Kxc3 Nf4 29. Bxf4 gxf4 30. Kc4 a5 31. bxa5 1/2-1/2

[Event "FIDE World Rapid Team"]
[Site "London ENG"]
[Date "2025.06.11"]
[Round "4.2"]
[White "Shearsby, Jude"]
[Black "Villiers, Thomas"]
[Result "1-0"]
[WhiteTitle "CM"]
[BlackTitle "CM"]
[WhiteElo "2160"]
[BlackElo "2158"]
[WhiteTeam "English Knightmares"]
[BlackTeam "Hammersmith Chess Club"]
[WhiteFideId "462527"]
[BlackFideId "427209"]
[EventDate "2025.06.11"]
[EventType "team"]

1. e4 e5 2. Nf3 Nc6 3. d4 exd4 4. Nxd4 Nf6 5. Nxc6 bxc6 6. e5 Nd5 7. c4 Bb4+ 8.
Bd2 Bxd2+ 9. Qxd2 Nb6 10. Bd3 O-O 11. O-O d5 12. exd6 cxd6 13. Nc3 Be6 14. Qf4
d5 15. c5 Nd7 16. b4 Qb8 17. Qh4 h6 18. Rab1 Qe5 19. Ne2 a5 20. Nd4 axb4 21.
Nxc6 Qc3 22. Nxb4 Qxc5 23. Rfc1 Qa5 24. Qd4 Rfb8 25. Nc6 Rxb1 26. Bxb1 Qa3 27.
Rc3 Qb2 28. Ne7+ Kf8 29. Ng6+ Kg8 30. Ne7+ Kf8 31. Ng6+ Kg8 32. Rc8+ Rxc8 33.
Qxb2 fxg6 34. Bxg6 Ne5 35. Bc2 Nc4 36. Qc3 Na3 37. Qxa3 Rxc2 38. h3 Bf7 39. Qb4
d4 40. Qxd4 Rxa2 41. g4 Re2 42. Kg2 Re6 43. Kg3 g5 44. Qd7 Rf6 45. Qd8+ Kg7 46.
Qd4 Kg6 47. h4 Be6 48. Qe5 Bf7 49. h5+ Kg7 50. f4 gxf4+ 51. Kf2 Be6 52. g5 hxg5
53. h6+ Kf7 54. h7 g4 55. h8=Q g3+ 56. Kg1 f3 57. Qhxf6+ Ke8 58. Qexe6# 1-0

[Event "FIDE World Rapid Team"]
[Site "London ENG"]
[Date "2025.06.11"]
[Round "4.3"]
[White "Hanache, Kai"]
[Black "Banerjee, Supratit"]
[Result "0-1"]
[BlackTitle "FM"]
[WhiteElo "2149"]
[BlackElo "2311"]
[WhiteTeam "Hammersmith Chess Club"]
[BlackTeam "English Knightmares"]
[WhiteFideId "490105"]
[BlackFideId "2410079"]
[EventDate "2025.06.11"]
[EventType "team"]

1. e4 g6 2. d4 Bg7 3. Nc3 d6 4. Bc4 Nf6 5. Nf3 O-O 6. O-O Nc6 7. h3 e5 8. dxe5
Nxe5 9. Nxe5 dxe5 10. Qe2 c6 11. a4 Nh5 12. Be3 Nf4 13. Qf3 Ne6 14. Rfd1 Nd4 15.
Bxd4 exd4 16. Ne2 Qb6 17. Qd3 c5 18. a5 Qc7 19. b4 cxb4 20. Nxd4 Bd7 21. Bd5
Rac8 22. Ra2 Qb8 23. Qb3 b6 24. Nf3 Rc3 25. Qxb4 Rxf3 26. gxf3 Bxh3 27. Qd2 Qe5
28. axb6 axb6 29. Ra7 Qh5 30. Rxf7 Rxf7 31. Qf4 Qxd5 32. Qb8+ Rf8 33. Qxf8+ Bxf8
34. Rxd5 Bc5 35. Kh2 Be6 36. Rd8+ Kf7 37. Kg3 Be7 38. Rh8 h5 39. f4 h4+ 40. Kf3
h3 41. Ra8 b5 42. Rb8 b4 43. Rb5 Bc4 44. Rb7 Bf1 45. Kg3 Ke8 46. Rb6 Bh4+ 47.
Kh2 Bxf2 48. Rxb4 Be3 49. e5 Bg2 50. Kg3 Ke7 51. Kh2 Ke6 52. Rb8 Bxf4+ 53. Kg1
Bxe5 54. Rf8 Bc6 55. Kf1 0-1

[Event "FIDE World Rapid Team"]
[Site "London ENG"]
[Date "2025.06.11"]
[Round "4.4"]
[White "Badacsonyi, Frankie"]
[Black "Franco, Gaston"]
[Result "0-1"]
[WhiteTitle "FM"]
[WhiteElo "2189"]
[BlackElo "2088"]
[WhiteTeam "English Knightmares"]
[BlackTeam "Hammersmith Chess Club"]
[WhiteFideId "460400"]
[BlackFideId "117722"]
[EventDate "2025.06.11"]
[EventType "team"]

1. d4 d5 2. c4 e6 3. Nf3 Nf6 4. Nc3 Be7 5. cxd5 exd5 6. Bf4 O-O 7. e3 c6 8. Bd3
Nbd7 9. h3 Re8 10. O-O Nf8 11. Qc2 Ng6 12. Bh2 Bd6 13. Bxd6 Qxd6 14. Rab1 a5 15.
Rfc1 Qe7 16. Na4 Ne4 17. Nb6 Rb8 18. Nxc8 Rbxc8 19. Bxe4 dxe4 20. Nd2 Nh4 21.
Qc5 Qf6 22. Nf1 Qg6 23. Ng3 f5 24. Kh2 Rcd8 25. Qxa5 f4 26. exf4 Rxd4 27. Rd1
Qd6 28. Rxd4 Qxd4 29. Qg5 Ng6 30. f5 Ne7 31. f6 Ng6 32. fxg7 Qxg7 33. b3 Qd4 34.
Qe3 Qe5 35. Rd1 c5 36. Rd7 b6 37. Qh6 Re7 38. Rxe7 Qxe7 39. Qe3 Qe5 40. Qxe4 Qb2
41. Qe2 Qd4 42. Qe6+ Kf8 43. Qc8+ Kf7 44. Qb7+ Kg8 45. Qf3 Ne5 46. Qe4 Qb2 47.
Nf5 Ng6 0-1

[Event "FIDE World Rapid Team"]
[Site "London ENG"]
[Date "2025.06.11"]
[Round "4.5"]
[White "Ciocan, Maria-Alexandra"]
[Black "Hng, Mei-En Emmanuelle"]
[Result "0-1"]
[BlackTitle "WFM"]
[WhiteElo "1998"]
[BlackElo "2136"]
[WhiteTeam "Hammersmith Chess Club"]
[BlackTeam "English Knightmares"]
[WhiteFideId "1227130"]
[BlackFideId "5804566"]
[EventDate "2025.06.11"]
[EventType "team"]

1. e4 d6 2. d4 Nf6 3. Nc3 g6 4. Be3 Bg7 5. f3 c6 6. Qd2 b5 7. h4 h5 8. Be2 Nbd7
9. Nh3 Nb6 10. Ng5 Nc4 11. Bxc4 bxc4 12. Qe2 d5 13. e5 Nh7 14. Nxh7 Rxh7 15. Qd2
Qa5 16. b3 cxb3 17. cxb3 f6 18. O-O fxe5 19. Bg5 exd4 20. Qe1 Bf8 21. Qb1 Bf5
22. Ne4 dxe4 23. fxe4 Be6 24. b4 Qb6 25. Qd3 Bg7 26. a3 Be5 27. Rac1 Rf7 28.
Rxf7 Bxf7 29. Kh1 a5 30. Rf1 Be6 31. Bh6 Kd7 32. Rb1 Qb5 33. Qd2 d3 34. Be3 Bd6
35. a4 Qe5 36. Bg1 Qg3 37. Qf2 Qxf2 38. Bxf2 axb4 39. Rd1 Bc4 40. Bd4 Rxa4 41.
e5 Bc7 42. Kg1 Ra2 43. Bc5 Bxe5 44. Bxb4 Bd4+ 45. Kh2 c5 46. Be1 Be5+ 47. Kg1
Bf4 48. Bf2 Kc6 49. g3 Bd2 50. Kg2 Be3 0-1

[Event "FIDE World Rapid Team"]
[Site "London ENG"]
[Date "2025.06.11"]
[Round "4.6"]
[White "Jain, Gautam"]
[Black "Cepoi, Gesneria-Codruta"]
[Result "1-0"]
[WhiteElo "1979"]
[BlackElo "1598"]
[WhiteTeam "English Knightmares"]
[BlackTeam "Hammersmith Chess Club"]
[WhiteFideId "425311"]
[BlackFideId "1285297"]
[EventDate "2025.06.11"]
[EventType "team"]

1. e4 c6 2. d4 d5 3. Nd2 dxe4 4. Nxe4 Bf5 5. Ng3 Bg6 6. N1e2 Nd7 7. Nf4 e6 8. h4
Ne7 9. h5 Bf5 10. Bd2 Nf6 11. Nxf5 Nxf5 12. c3 Ne4 13. Bd3 Nfd6 14. Be3 Qb6 15.
Qc2 Ng5 16. d5 Qc7 17. dxe6 fxe6 18. Ng6 Nf3+ 19. gxf3 hxg6 20. Bxg6+ Nf7 21.
O-O-O Ke7 22. Bxf7 Kxf7 23. Qg6+ Kg8 24. h6 Rh7 25. Rdg1 Qf7 26. Qxh7+ 1-0

[Event "FIDE World Rapid Team"]
[Site "London ENG"]
[Date "2025.06.11"]
[Round "4.1"]
[White "Turner, Matthew J"]
[Black "Eren, Ataberk"]
[Result "1-0"]
[WhiteTitle "GM"]
[BlackTitle "IM"]
[WhiteElo "2441"]
[BlackElo "2423"]
[WhiteTeam "Sassy Seniors"]
[BlackTeam "Satranc Istanbul"]
[WhiteFideId "402893"]
[BlackFideId "6349765"]
[EventDate "2025.06.11"]
[EventType "team"]

1. d4 Nf6 2. Nf3 d5 3. c4 c6 4. e3 Bf5 5. Bd3 Bg6 6. Bxg6 hxg6 7. Nbd2 e6 8. O-O
Nbd7 9. b3 Bd6 10. h3 Qe7 11. Bb2 O-O-O 12. Qe2 Ne4 13. Rac1 g5 14. cxd5 exd5
15. Nxe4 dxe4 16. Nd2 Nf6 17. d5 Nxd5 18. Qg4+ Kb8 19. Qxe4 Qd7 20. Nc4 Rh4 21.
f4 Bc7 22. Be5 gxf4 23. exf4 f6 24. Bxc7+ Qxc7 25. Rcd1 g5 26. Qf5 gxf4 27. Rf3
Qe7 28. Kh2 Rg8 29. Rd2 Rg5 30. Qb1 Qc7 31. Qe4 b5 32. Qe8+ Kb7 33. Nb2 Re5 34.
Qf8 Qa5 35. Rdf2 Ne3 36. Rxf4 Rxf4 37. Rxf4 Qd2 38. Qg7+ Ka6 39. Rxf6 Rc5 40. a4
Ka5 41. Rf4 Kb6 42. axb5 cxb5 43. Rf3 Nd5 44. Nd3 Rc2 45. Qd4+ Ka6 46. Rf2 Qc3
47. Qxd5 Rxf2 48. Nxf2 Ka5 49. Ne4 Qc7+ 50. Qd6 Qc2 51. Qd2+ Qxd2 52. Nxd2 Kb4
53. h4 1-0

[Event "FIDE World Rapid Team"]
[Site "London ENG"]
[Date "2025.06.11"]
[Round "4.2"]
[White "Makaraci, Tunahan"]
[Black "Parker, Jonathan F"]
[Result "1-0"]
[WhiteTitle "FM"]
[BlackTitle "GM"]
[WhiteElo "2233"]
[BlackElo "2517"]
[WhiteTeam "Satranc Istanbul"]
[BlackTeam "Sassy Seniors"]
[WhiteFideId "6356559"]
[BlackFideId "400580"]
[EventDate "2025.06.11"]
[EventType "team"]

1. e4 e5 2. Nf3 Nc6 3. d4 exd4 4. Nxd4 Bb4+ 5. c3 Bc5 6. Nf5 Qf6 7. Be3 Bxe3 8.
Nxe3 Nge7 9. Nd2 O-O 10. Be2 Rd8 11. O-O d5 12. exd5 Nxd5 13. Nxd5 Rxd5 14. Bf3
Rd8 15. Ne4 Qe7 16. Qe2 Ne5 17. Ng3 Nxf3+ 18. Qxf3 c6 19. Rfe1 Be6 20. Rad1 Rxd1
21. Qxd1 Rd8 22. Qa4 Qc5 23. Qh4 Re8 24. h3 h6 25. Ne4 Qf8 26. Qg3 Kh8 27. Nd6
Re7 28. c4 c5 29. Qf4 Rd7 30. Rxe6 1-0

[Event "FIDE World Rapid Team"]
[Site "London ENG"]
[Date "2025.06.11"]
[Round "4.3"]
[White "Dishman, Stephen"]
[Black "Eken, Atakan"]
[Result "1/2-1/2"]
[WhiteTitle "FM"]
[WhiteElo "2274"]
[BlackElo "2010"]
[WhiteTeam "Sassy Seniors"]
[BlackTeam "Satranc Istanbul"]
[WhiteFideId "403024"]
[BlackFideId "6375626"]
[EventDate "2025.06.11"]
[EventType "team"]

1. Nf3 Nf6 2. c4 c5 3. g3 Nc6 4. Bg2 g6 5. O-O Bg7 6. Nc3 O-O 7. d4 cxd4 8. Nxd4
a6 9. c5 Qc7 10. Nb3 b6 11. Bf4 Qa7 12. cxb6 Qxb6 13. Rc1 Bb7 14. Na4 Qd8 15.
Nac5 Bc8 16. Nxd7 Bxd7 17. Bxc6 Bxc6 18. Rxc6 Nd5 19. Bc1 Nb4 20. Qxd8 Rfxd8 21.
Rc7 a5 22. a3 Nd5 23. Rc2 a4 24. Nd2 Rac8 25. Rc4 Rxc4 26. Nxc4 Rc8 27. e4 Rxc4
28. exd5 1/2-1/2

[Event "FIDE World Rapid Team"]
[Site "London ENG"]
[Date "2025.06.11"]
[Round "4.4"]
[White "Tahaoglu, Ugur Barkin"]
[Black "Lishoy Gengis Paratazham, Dildarav"]
[Result "0-1"]
[WhiteElo "2015"]
[BlackElo "2084"]
[WhiteTeam "Satranc Istanbul"]
[BlackTeam "Sassy Seniors"]
[WhiteFideId "6303331"]
[BlackFideId "491462"]
[EventDate "2025.06.11"]
[EventType "team"]

1. d4 Nf6 2. Nf3 e6 3. Bg5 c5 4. e3 cxd4 5. exd4 Be7 6. Bd3 b6 7. Qe2 Bb7 8.
Nbd2 d6 9. Bxf6 Bxf6 10. h4 Nd7 11. O-O-O Qc7 12. Rhe1 O-O-O 13. Ba6 Kb8 14.
Bxb7 Qxb7 15. Nc4 Qc6 16. Ne3 Rhe8 17. Rd3 e5 18. Rc3 Qb7 19. dxe5 dxe5 20. Ng4
e4 21. Nxf6 Nxf6 22. Nd2 Qd5 23. Nc4 Re7 24. Rd1 Qxd1+ 25. Qxd1 Rxd1+ 26. Kxd1
Nd5 27. Rg3 g6 28. h5 Kc7 29. h6 f5 30. Ra3 Kc6 31. g3 Nf6 32. Rc3 Kd7 33. Ne3
Re6 34. b4 Ng8 35. Ra3 Rd6+ 36. Ke2 Nxh6 37. Rxa7+ Ke6 38. Rxh7 Nf7 39. a4 Ne5
40. Rg7 Kf6 41. Rb7 Kg5 42. c4 Nf3 43. Nd5 Rc6 44. Rc7 Rd6 45. a5 bxa5 46. b5
Nd4+ 47. Ke3 Nxb5 48. Nf4 Na3 49. Rc5 a4 50. Rc8 Nc2+ 51. Ke2 a3 52. Ra8 Rc6 53.
Ra4 Kh6 54. Kd2 Nd4 55. Kc3 Nb5+ 56. Kb4 Nd6 57. c5 Nb7 58. Rxa3 Nxc5 59. Kb5
Rc7 60. Ra8 Nd3 61. Ne6 Re7 62. Nd4 Nxf2 63. Ra2 Ng4 64. Kc5 e3 65. Kd6 Re4 66.
Ne2 Re8 67. Nf4 Kg7 68. Ra7+ Kh6 69. Ra2 Nf6 70. Ne6 Ne4+ 71. Kd7 Rxe6 72. Kxe6
Nxg3 73. Kf6 e2 74. Ra1 Kh5 75. Ke5 Kg4 76. Kd4 Kf3 77. Kd3 Kf2 78. Kd4 0-1

[Event "FIDE World Rapid Team"]
[Site "London ENG"]
[Date "2025.06.11"]
[Round "4.5"]
[White "Regan, Natasha K"]
[Black "Kalender, Murat Emre"]
[Result "1/2-1/2"]
[WhiteTitle "WIM"]
[WhiteElo "2064"]
[BlackElo "1782"]
[WhiteTeam "Sassy Seniors"]
[BlackTeam "Satranc Istanbul"]
[WhiteFideId "403067"]
[BlackFideId "34531815"]
[EventDate "2025.06.11"]
[EventType "team"]

1. Nf3 d5 2. c4 e6 3. g3 c5 4. Bg2 Nf6 5. O-O Nc6 6. cxd5 exd5 7. d4 cxd4 8.
Nxd4 Bc5 9. Nc2 O-O 10. Bg5 Re8 11. Nc3 Be6 12. Nxd5 Bxd5 13. Bxf6 Qxf6 14. Qxd5
Bb6 15. Qb5 Re5 16. Qc4 Rc5 17. Qe4 Re5 18. Qc4 Rc5 19. Qe4 Re5 1/2-1/2

[Event "FIDE World Rapid Team"]
[Site "London ENG"]
[Date "2025.06.11"]
[Round "4.1"]
[White "Zakarian, David"]
[Black "Schneider, Ilja"]
[Result "0-1"]
[WhiteTitle "FM"]
[BlackTitle "IM"]
[WhiteElo "2301"]
[BlackElo "2417"]
[WhiteTeam "ANI"]
[BlackTeam "Berlin Chess Federation"]
[WhiteFideId "13301276"]
[BlackFideId "4663306"]
[EventDate "2025.06.11"]
[EventType "team"]

1. e4 e5 2. f4 Nc6 3. Nf3 d5 4. exd5 Qxd5 5. Nc3 Qe6 6. fxe5 Nxe5 7. Nxe5 Qxe5+
8. Qe2 Qxe2+ 9. Bxe2 Bd7 10. d4 O-O-O 11. O-O f6 12. Bf4 Ne7 13. Rad1 Bc6 14.
Bb5 Bxb5 15. Nxb5 Nd5 16. Nxa7+ Kd7 17. Nb5 Ra8 18. Ra1 c6 19. Nc3 Nxc3 20. bxc3
Ra4 21. Kf2 Be7 22. Ke2 Rha8 23. Kd3 b5 24. g4 Rxa2 25. Rxa2 Rxa2 26. Rb1 Ra3
27. Rb3 Ra1 28. c4 Rd1+ 29. Ke3 bxc4 30. Rb7+ Ke6 31. Rc7 Re1+ 32. Kd2 Re4 33.
Bg3 Rxd4+ 34. Kc3 Rxg4 35. Rxc6+ Kd5 36. Rc7 Re4 37. Rd7+ Ke6 38. Rb7 h5 39.
Rb6+ Kf5 40. Rb5+ Kg4 41. Rb7 g5 42. Bf2 Bd6 43. Bd4 Bxh2 44. Bxf6 Be5+ 45. Bxe5
Rxe5 46. Kxc4 h4 47. Rh7 Kh3 48. Kd4 Re8 49. c4 g4 50. c5 g3 51. c6 g2 52. Rg7
Kh2 53. c7 g1=Q+ 0-1

[Event "FIDE World Rapid Team"]
[Site "London ENG"]
[Date "2025.06.11"]
[Round "4.2"]
[White "Fromm, Marius"]
[Black "Kiremitciyan, Ari"]
[Result "1-0"]
[WhiteTitle "IM"]
[BlackTitle "FM"]
[WhiteElo "2444"]
[BlackElo "2271"]
[WhiteTeam "Berlin Chess Federation"]
[BlackTeam "ANI"]
[WhiteFideId "12993190"]
[BlackFideId "6373445"]
[EventDate "2025.06.11"]
[EventType "team"]

1. e4 c6 2. Nc3 d5 3. Nf3 g6 4. d4 Bg7 5. h3 dxe4 6. Nxe4 Nf6 7. Nxf6+ exf6 8.
Bc4 O-O 9. O-O Nd7 10. Re1 a5 11. a4 Nb6 12. Bf1 Be6 13. b3 Nd5 14. c4 Nb4 15.
Ba3 Qb6 16. Qd2 Rad8 17. Rad1 f5 18. c5 Qc7 19. Bxb4 axb4 20. Qxb4 Bd5 21. Ne5
Rfe8 22. Qc3 h5 23. b4 Re6 24. b5 Rde8 25. b6 Qe7 26. Nd3 Re4 27. Rxe4 Bxe4 28.
Ne5 Bd5 29. a5 Ra8 30. Ra1 Qg5 31. a6 bxa6 32. Rxa6 Rb8 33. Qg3 Qc1 34. Qa3 Qd1
35. Ra8 Bxe5 1-0

[Event "FIDE World Rapid Team"]
[Site "London ENG"]
[Date "2025.06.11"]
[Round "4.3"]
[White "Stepanyan, Henrik"]
[Black "Florstedt, Johannes"]
[Result "1-0"]
[BlackTitle "FM"]
[WhiteElo "2200"]
[BlackElo "2391"]
[WhiteTeam "ANI"]
[BlackTeam "Berlin Chess Federation"]
[WhiteFideId "401030"]
[BlackFideId "12922293"]
[EventDate "2025.06.11"]
[EventType "team"]

1. d4 Nf6 2. c4 g6 3. Nc3 d5 4. cxd5 Nxd5 5. Bd2 c5 6. e4 Nxc3 7. Bxc3 cxd4 8.
Bxd4 e5 9. Bxe5 Bb4+ 10. Bc3 Bxc3+ 11. bxc3 Qa5 12. Qc2 O-O 13. Nf3 Be6 14. Nd4
Rc8 15. Nxe6 Rxc3 16. Qd2 Nc6 17. Bb5 fxe6 18. O-O Rd8 19. Qb2 Nd4 20. Rfd1 Rc2
21. Qb1 Qc3 22. Bf1 Qc5 23. Kh1 b6 24. Rc1 Rc8 25. Re1 Rxf2 26. Qd3 e5 27. Qg3
Rd2 28. Ba6 Rc7 29. h4 Nc2 30. Rac1 Qe7 31. Rf1 Nd4 32. Bc4+ Kh8 33. Rf7 Qd6 34.
Rcf1 Rxf7 35. Rxf7 Rc2 36. Qg5 Rxc4 37. Qh6 Rc1+ 38. Kh2 Nf3+ 39. Rxf3 Rc8 40.
Rf7 1-0

[Event "FIDE World Rapid Team"]
[Site "London ENG"]
[Date "2025.06.11"]
[Round "4.4"]
[White "Schulze, Lara"]
[Black "Zakarian, Dimitrios Levon"]
[Result "1/2-1/2"]
[WhiteTitle "FM"]
[WhiteElo "2317"]
[BlackElo "2079"]
[WhiteTeam "Berlin Chess Federation"]
[BlackTeam "ANI"]
[WhiteFideId "12956830"]
[BlackFideId "453080"]
[EventDate "2025.06.11"]
[EventType "team"]

1. e4 c5 2. Nf3 e6 3. b3 b6 4. d4 cxd4 5. Nxd4 Bb7 6. Nd2 a6 7. Bb2 d6 8. Qe2
Nf6 9. O-O-O Nbd7 10. g4 Nc5 11. Bg2 Be7 12. g5 Nfd7 13. h4 Qc7 14. Kb1 Rc8 15.
f4 b5 16. h5 e5 17. Nf5 Ne6 18. Rc1 Rg8 19. fxe5 Nxe5 20. Nxe7 Kxe7 21. g6 hxg6
22. hxg6 Nxg6 23. Nf1 Ngf4 24. Qd2 Nxg2 25. Qxg2 f6 26. Ne3 Rh8 27. Nf5+ Kf7 28.
Rhg1 Ng5 29. Qf2 Qc5 30. Qxc5 Rxc5 31. Nxd6+ Ke6 32. Nxb7 Rc7 33. Na5 Rh2 34. e5
Nf3 35. exf6 Nxg1 36. Rxg1 gxf6 37. c4 Rd7 38. Re1+ Kf7 39. Bc3 Rd3 40. Bb4 bxc4
41. Nxc4 Rg3 42. Nd6+ Kg6 43. Nc4 Rgg2 44. a4 Kg5 45. Bd6 Rh3 46. Ne3 Rd2 47.
Bc5 Rhh2 48. Nc4 Rd3 49. Na5 f5 50. Rg1+ Kh5 51. Rf1 Kg5 52. b4 f4 53. b5 axb5
54. axb5 Rd5 55. Nb3 Rh3 56. Be7+ Kg4 57. Kc2 Rxb5 58. Nd4 Rd5 59. Bf6 f3 60.
Nxf3 Rxf3 61. Rxf3 Kxf3 62. Kc3 Ke4 63. Kc4 Rd6 64. Bg7 Rc6+ 65. Kb5 Kd5 66. Bf8
Rc8 67. Bh6 Rb8+ 68. Ka6 Kc6 69. Ka7 Rb1 70. Be3 Re1 71. Bf2 Re7+ 72. Ka8 Kc7
73. Bg3+ Kc8 74. Bf2 Re2 75. Bd4 Kc7 76. Bg1 Ra2+ 77. Ba7 Kc6 78. Kb8 Rb2+ 79.
Ka8 Rg2 80. Bb8 Kb6 81. Bf4 Rg8+ 82. Bb8 Rg7 83. Bf4 Ra7+ 84. Kb8 Rf7 85. Be3+
Kc6 86. Ka8 Kc7 87. Bg1 Rf8+ 88. Ka7 Rh8 89. Be3 Rh4 90. Ka8 Ra4+ 91. Ba7 Rxa7+
92. Kxa7 1/2-1/2

[Event "FIDE World Rapid Team"]
[Site "London ENG"]
[Date "2025.06.11"]
[Round "4.5"]
[White "Grigoryan, Meri"]
[Black "Rath, Alina"]
[Result "0-1"]
[WhiteTitle "WFM"]
[BlackTitle "CM"]
[WhiteElo "1980"]
[BlackElo "2019"]
[WhiteTeam "ANI"]
[BlackTeam "Berlin Chess Federation"]
[WhiteFideId "13300571"]
[BlackFideId "24607886"]
[EventDate "2025.06.11"]
[EventType "team"]

1. d4 d5 2. Nf3 e6 3. c4 c5 4. e3 Nf6 5. Nc3 Nc6 6. cxd5 exd5 7. Bb5 cxd4 8.
Nxd4 Bd7 9. O-O Bd6 10. Nf3 Be6 11. b3 O-O 12. Bb2 Rc8 13. Rc1 h6 14. Bd3 a6 15.
Bb1 Qe7 16. Ne2 Rfd8 17. Ned4 Bg4 18. h3 Bd7 19. Nf5 Qe6 20. N3d4 Nxd4 21. Qxd4
Be7 22. Rfd1 Rxc1 23. Rxc1 Bc6 24. Ng3 Bf8 25. Bf5 Qe7 26. Qh4 Ne8 27. Qd4 Nf6
28. Bb1 Qe6 29. Rd1 Ne8 30. e4 Qe7 31. Nf5 Qg5 32. h4 Qh5 33. Rd3 Rd7 34. Rg3
dxe4 35. Nxg7 Qd1+ 36. Kh2 Rxd4 37. Nxe8+ Kh8 38. Nf6 Bg7 39. Bxd4 Qxd4 40. Ng4
h5 41. Re3 hxg4 42. g3 Qb2 0-1